Cómo quisiera decirte: la historia de los Angeles Negros
Salvato in:
| Autore principale: | |
|---|---|
| Natura: | Libro |
| Lingua: | spagnolo |
| Pubblicazione: |
Santiago
Ril Editores
2013
|
| Edizione: | 1a. ed |
| Serie: | Bibliodiversidad
|
| Soggetti: | |
| Tags: |
Aggiungi Tag
Nessun Tag, puoi essere il primo ad aggiungerne!!
|
MARC
| LEADER | 00000cam a2200000 a 4500 | ||
|---|---|---|---|
| 001 | UCD6852 | ||
| 003 | CL-VaPUC | ||
| 008 | 170226e20131000cl |||||||||||||||||spa|d | ||
| 020 | |a 9789560100207 | ||
| 082 | 0 | 4 | |a 780.983 |b GAC |2 21 |
| 100 | 0 | |a Gacitúa López, Pablo |e author |9 590700 | |
| 245 | 1 | 0 | |a Cómo quisiera decirte: la historia de los Angeles Negros |
| 250 | |a 1a. ed | ||
| 300 | |a 250 p | ||
| 942 | |c BK | ||
| 945 | |d 20170226 00:48:00 |a arojas | ||
| 260 | |a Santiago |b Ril Editores |c 2013 | ||
| 650 | 0 | |a Baladas |9 439844 | |
| 650 | 0 | |a Música chilena |9 306643 | |
| 650 | 0 | |a Compositores chilenos |9 306644 | |
| 650 | 0 | |a Música popular |9 356085 | |
| 583 | |a last modification |c 20170226 00:48:00 |k Rodrigo Vera | ||
| 490 | 0 | |a Bibliodiversidad | |
| 999 | |c 367029 |d 367027 | ||
| 952 | |0 0 |1 0 |3 erb |4 0 |6 780_983000000000000_GAC_2013 |7 0 |8 R |9 481710 |a BIBEDU |b BIBEDU |i 5361303 |o 780.983 GAC 2013 |p 5361303 |r 2023-01-12 |w 2019-11-24 |y BK_R |z Catalogado en:20170226 |k MUS | ||